000 00715nam a22002297a 4500
005 20170124110041.0
010 _a338948
020 _c00.00
035 _a338948
037 _bCen Lib/ Ret
040 _aDPL
_bEN
082 _a921
_bMOT
245 _aMotilal nehru :
_cedited by S.P. Chablani [and] Preet Chablani
_bessays and reflections on his life and times /
260 _aNew Delhi
_bSultan Chand
_c1961
270 _bNew Delhi
_a
300 _avarious pagings
_c21cm(Hb)
650 _aPolitical science
_xLeader
_9104042
650 _aBiographies
_xMotilal Nehru
_923768
700 _aChablani, S.P.
_923769
700 _aChablani, Preet
_923770
942 _2ddc
_cEN
_h921
_mMOT
999 _c128560
_d128560